Airport city by Code - Statistics

General Stats
  • This quiz has been taken 42 times
  • The average score is 60 of 130
Answer Stats
Airport Code City % Correct
2) LGA, JFK New York
100%
6) BOS Boston
97%
3) LAX Los Angeles
97%
5) PHX Phoenix
97%
8) SFO San Francisco
97%
16) ATL Atlanta
91%
21) MEX Mexico City
91%
4) ORD, MDW Chicago
89%
15) SEA Seattle
89%
11) IAD, DCA Washington DC
86%
38) AMS Amsterdam
83%
103) SYD Sydney
83%
47) ATH Athens
80%
9) AUS Austin
80%
39) DUB Dublin
80%
29) LHR London
80%
46) LIS Lisbon
77%
53) WAW Warsaw
77%
40) ZRH Zurich
77%
10) DFW Dallas
74%
41) MUC Munich
74%
104) MEL Melbourne
71%
87) DXB Dubai
69%
89) HKG Hong Kong
69%
45) OSL Oslo
69%
33) CDG Paris
69%
64) CAI Cairo
66%
37) FCO Rome
66%
54) BUD Budapest
63%
63) CPT Cape Town
63%
88) DOH Doha
63%
32) MAD Madrid
63%
13) MCO Orlando
63%
100) NRT Tokyo
63%
23) YYZ Toronto
63%
65) TUN Tunis
63%
108) AKL Auckland
60%
117) BOG Bogota
60%
91) DEL Delhi
60%
105) PER Perth
60%
31) PRG Prague
60%
119) GIG Rio De Janeiro
60%
94) BKK Bangkok
57%
81) PEK Beijing
57%
44) CPH Copenhagen
57%
118) LIM Lima
57%
97) TPE Taipei
57%
67) ALG Algiers
54%
12) IAH Houston
54%
98) MNL Manila
54%
92) BOM Mumbai
54%
59) VCE Venice
54%
20) BWI Baltimore
51%
36) BCN Barcelona
51%
14) CLT Charlotte
51%
61) JNB Johannesburg
51%
95) KUL Kuala Lumpur
51%
30) MXP Milan
51%
7) MSP Minneapolis
51%
43) KEF Reykjavik
51%
115) GRU Sao Paulo
51%
96) ICN Seoul
51%
24) YYC Calgary
49%
72) DAR Dar Es Salaam
49%
17) DTW Detroit
49%
101) JED Jeddah
49%
77) FIH Kinshasa
49%
106) BNE Brisbane
46%
90) PVG Shanghai
46%
42) ARN Stockholm
46%
71) ACC Accra
43%
66) ADD Addis Ababa
43%
60) GLA Glasgow
43%
35) SVO Moscow
43%
1) MSY New Orleans
43%
123) SJO San Jose
40%
93) CGK Jakarta
37%
68) LOS Lagos
37%
124) GUA Guatemala
34%
34) SAW Istanbul
34%
102) RUH Riyadh
34%
49) TBS Tbilisi
34%
70) ABV Abuja
31%
56) OTP Bucharest
31%
121) AEP Buenos Aires
31%
120) PTY Panama City
31%
55) SXF Berlin
29%
18) BIL Billings
29%
107) CHC Christchurch
29%
113) DIL Dili
29%
26) KIN Kingston
29%
125) KWI Kuwait City
29%
57) KBP Kyiv
29%
58) OPO Porto
29%
116) SCL Santiago
29%
62) CMN Casablanca
26%
80) DOD Dodoma
26%
27) NAS Nassau
26%
50) RIX Riga
26%
79) DUR Durban
23%
78) HRE Harare
23%
99) XIY Xian
23%
76) ABJ Abidjan
20%
51) VNO Vilnius
20%
82) NQZ Astana
17%
126) ASU Asuncion
17%
110) CNS Cairns
17%
28) GDL Guadalajara
17%
114) MLE Male
17%
22) MBJ Montego Bay
17%
128) MVD Montevideo
17%
48) EVN Yerevan
17%
19) ASE Aspen
14%
127) BZE Belize City
14%
74) LAD Luanda
14%
130) BAH Manama
14%
83) TAS Tashkent
14%
73) TNR Antananarivo
11%
69) RAK Marrakech
11%
75) HBE Alexandria
9%
86) ALA Almaty
9%
52) AYT Antalya
9%
84) FRU Bishkek
9%
85) DYU Dushanbe
9%
122) FOR Fortaleza
9%
109) OOL Gold Coast
9%
112) ASP Alice Springs
6%
25) SKB Basseterre
3%
111) IVC Invercargill
3%
129) GOH Nuuk
3%
No matching quizzes found
Score Distribution
Percent of People with Each Score
Percentile by Number Answered
Your Score History
You have not taken this quiz